000 00635nab a2200241 a 4500
001 65886
003 138692
005 20201118110244.0
008 ||||||n9999 ||| || ||
041 _aspa
245 0 _aInforme de actividades 1997-1998
260 _aBogotá :
_bMinisterio de Salud,
_c1998.
300 _a145p
562 _e1
650 _aCOLOMBIA
650 _aDESARROLLO HUMANO
650 _aGESTIÓN ADMINISTRATIVA
650 _aINFORME DE ACTIVIDADES
650 _aPOLÍTICA DE SALUD
650 _aPRESTACIÓN DEL SERVICIO
773 _037606
_aMemorias del Ministro de Salud Publica
942 _cDO-GO
999 _c65886
_d65886